ბათუმის შოთა რუსთაველის სახელმწიფო უნივერსიტეტის ბიბლიოთეკა

ჰაინრიჰ ბიოლი - 100 : (ბიბ.ჩანაწერი № 55584)

000 -ლიდერი
ფიქსირებული სიგრძის საკონტროლო ველი 02125nam a2200313Ia 4500
001 - საკონტროლო ნომერი
საკონტროლო ველი 22666
003 - საკონტროლო ნომრის იდენტიფიკატორი
საკონტროლო ველი GE_BSU
005 - ბოლო ოპერაციის თარიღი და დრო
საკონტროლო ველი 20230411105132.0
008 - ფიქსირებული სიგრძის მონაცემთა ელემენტები - ზოგადი ინფორმაცია
ფიქსირებული სიგრძის საკონტროლო ველი 181216s ||||ge |||||||||||||| || ||
020 ## - წიგნის საერთაშორისო სტანდარტული ნომერი
International Standard Book Number 9789941275937
040 ## - კატალოგიზაციის წყარო
Transcribing agency GE_BSU
041 ## - ენის კოდი
Language code of text/sound track or separate title geo
080 ## - უნივერსალური ათობითი კლასიფიკაციის ინდექსი
Universal Decimal Classification number 821.112.2(092ბიოლი) ჰ-22
245 ## - ცნობა სათაურის შესახებ
Title ჰაინრიჰ ბიოლი - 100 :
Remainder of title მწერალი და მოქალაქე /
Statement of responsibility, etc რედ. : ნინო ლეჟავა, ლუკა ნახუცრიშვილი, ბიძინა რამიშვილი.
264 ## - წარმოების, გამოცემის, დისტრიბუციის და სხვა ცნობები
გამოცემის, წარმოების, დისტრიბუციის... ადგილი თბილისი :
გამოცემის, წარმოების, დისტრიბუციის... სახელწოდება ჰაინრიჰ ბიოლის ფონდის სამხრეთ კავკასიის რეგიონული ბიურო (შპს სეზანი),
გამოცემის, წარმოების, დისტრიბუციის... თარიღი 2017.
300 ## - ფიზიკური აღწერა
Extent 282 გვ. :
Other physical details ფოტ. ;
Dimensions 23 სმ.
500 ## - ზოგადი შენიშვნა
General note ფოტო გარეკანზე : ჰაინრიჰ ბიოლი და ნოდარ კაკაბაძე მის სამუშაო ოთახში, 1966 წ. (ჰაინრიჰ ბიოლის ფონდის არქივი)
504 ## - BIBLIOGRAPHY, ETC. NOTE
Bibliography, etc ბიბლიოგრ. : გვ. 269-279
520 ## - SUMMARY, ETC.
Summary, etc ფოტო გარეკანზე: ჰაინრიჰ ბიოლი და ნოდარ კაკაბაძე მის სამუშაო ოთახში, 1966 წ. (ჰაინრიჰ ბიოლის ფონდის არქივი).
653 ## - INDEX TERM--UNCONTROLLED
Uncontrolled term ბიოლი, ჰაინრიჰ 1917-1985
653 ## - INDEX TERM--UNCONTROLLED
Uncontrolled term გერმანელი მწერლები
653 ## - INDEX TERM--UNCONTROLLED
Uncontrolled term ლიტერატურა
653 ## - INDEX TERM--UNCONTROLLED
Uncontrolled term ჰაინრიჰ ბიოლი - 100 მწერალი და მოქალაქე
700 ## - ADDED ENTRY--PERSONAL NAME
Personal name ლეჟავა, ნინო
Relator term რედაქტორი
9 (RLIN) 6379
700 ## - ADDED ENTRY--PERSONAL NAME
Personal name ნახუცრიშვილი, ლუკა
Relator term რედაქტორი
9 (RLIN) 5466
700 ## - ADDED ENTRY--PERSONAL NAME
Personal name რამიშვილი, ბიძინა
Relator term რედაქტორი
9 (RLIN) 17604
942 ## - ADDED ENTRY ELEMENTS (KOHA)
Koha item type წიგნი
Source of classification or shelving scheme
ეგზემპლარები
ჩამოწერის სტატუსი დაკარგული ეგზემპლარის სტატუსი კლასიფიკაციის წყარო ან თაროზე გაწყობის სქემა დაზიანების სტატუსი არ გაიცემა მუდმივი მდებარეობა (დაცვის ადგილი) ამჟამინდელი ადგილსამყოფელი თაროზე განთავსების ადგილი შეძენის თარიღი ღირებულება, შესყიდვის ნორმალური ფასი სრული შენახვის შიფრი შტრიხკოდი ბოლო ოპერაციის თარიღი ეგზემპლარის მიმდევრობითი ნომერი (კეტერი?) ფასის ძალაში შესვლის თარიღი ეგზემპლარის სახეობა საჯარო შენიშვნა
          ბათუმის შოთა რუსთაველის სახელმწიფო უნივერსიტეტის მთავარი ბიბლიოთეკა ბათუმის შოთა რუსთაველის სახელმწიფო უნივერსიტეტის მთავარი ბიბლიოთეკა წიგნსაცავი 2018-12-17 5.00 821.112.2(092ბიოლი) ჰ-22 58081 2018-12-17 58081 2018-12-17 წიგნი 5.00 ₾.